000 00614nam a2200241Ia 4500
003 OSt
005 20220918191039.0
006 a|||||r|||| 00| 0
007 ta
008 220917b |||||||| |||| 00| 0 eng d
024 _a61,155
037 _cTextual
040 _aARTS
_cARTS
_beng
041 _2eng
_aeng
082 _aQ.6.N, L7
100 _aBooth Newll S
_974696
245 0 _aAfrican Religions
_b a symposium
260 _aNew York
_bNOK Publishers
_c1977
300 _a390p.
_ccm.
650 _aRELIGION
942 _hQ.6.N, L7
_cTEXL
_2CC
999 _c188017
_d188017